000 00427nam a2200133Ia 4500
008 231129s1976||||xx |||||||||||||| ||spa||
040 _bspa
082 _aCo860.16 P838b
100 _aPorras Collantes Ernesto
245 0 _aBibliografia de la novela en Colombia : Con notas de contenido y critica de las obras y guias de comentariossobre los autores
260 _c1976
264 _aInstituto Caro y Cuervo
942 _2ddc
_cBKS
999 _c6132
_d6132